00671nam a2200193Ia 450000500170000000800410001702000180005808200130007610000160008924500840010526000480018930000130023765000340025065000360028465000410032094200060036195200950036799900150046220250519023517.0240331s9999 xx 000 0 und d a9789551772512 bUYAa301 aUyangoda, J 0aSamajeeya - Manaveeya Vidya Paryeshana :bDhrshanika Saha Kremavedi Hedinveemak aColombobSocial Scientist Associationc2010 a386 p ., aSociology - Research Methods aAnthropology - Research Methods aPolitical Science - Research Methods cL 001040708LaWERCLbWERCLcSSCd2024-03-31l0o 301 UYAp6687r2024-03-31w2024-03-31yL c5748d5748